000 00394nam a2200157 a 4500
008 030701s1967||||xx 0 und c
040 _aSNK
_bslo
_cSNK
_eAACR2
100 1 _aFeuchtwanger, Lion
245 1 0 _aŽid Süss
250 _a1. čes. vyd.
260 _bVydavateľstvo politickej kultúry
_c1967
_aBratislava
300 _a419 s.
020 _c21,50
044 _axo
_cSK
041 _aslo
999 _c10651
_d10651